Statistics for Flags of the Cold War

Click here to take the quiz!

General Stats

  • This quiz has been taken 455 times
    (435 since last reset)
  • The average score is 13 of 16

Answer Stats

Answer% Correct
China
92%
Soviet Union
90%
East Germany
87%
South Korea
87%
United States
87%
Nato
86%
North Korea
86%
Cuba
85%
Vietnam
85%
South Vietnam
83%
United Kingdom
82%
United Nations
80%
Yugoslavia
79%
Warsaw Pact
73%
Viet Cong
49%
Kampuchea
33%

Score Distribution

Percentile by Number Answered

Percent of People with Each Score

Your Score History

You have not taken this quiz since the last reset